000 00403 a2200145 4500
001 167762
020 _a
040 _cMagnum
100 _aMoreira, Antonio Flavio Barbosa (Org)
240 1 0 _aConhecimento educacional e formacao do professor: questoes atuais
_lpor
245 1 0 _aConhecimento educacional e formacao do professor: questoes atuais
362 0 _a1899
697 _aENSINO
942 _cBK
999 _c167762
_d167762